000 00865nam0a2200265 4500
001 RU\NLR\bibl\73101
005 20260406054744.0
010 _a5-7989-0146-7
_93000
035 _a(NLR Aleph) 000071325
090 _a393439
_c393439
100 _a19991102d1999 |||y0rusy50 ca
101 0 _arus
102 _aRU
105 _aa |||||||||
200 1 _aExcel 2000
_fС. Ковальски
_gПод ред. С.Молявко
210 _aМ.
_cБИНОМ
_d1999
215 _a471 с.
_cил.
_d22
225 1 _aБез проблем
606 0 _aMICROSOFT EXCEL 2000, электронные таблицы
_92121133
_3RU\NLR\auth\661280828
686 _aЗ973.233-018.2
700 1 _4070
_8rus
_7ca
_aКовальская
_bС.
_gСюзанна
_3RU\NLR\auth\779248
_9119088
801 0 _aRU
_bNLR
_c19991102
_gPSBO
801 1 _aRU
_bNLR
_c19991102
942 _cBOOK
980 _aNB